000 00294nam a22001337a 4500
008 230719b ||||| |||| 00| 0 eng d
041 _aeng
080 _a575
082 _a575MUL
100 _a13
101 _aBIOKI
245 _aTHE ORIGINS OF CHEMISTRY
_cMULTHAUF . P .R
942 _2udc
_cBK
999 _c60179
_d60179